تحميل...

Magnetochemistry and related topics /

التفاصيل البيبلوغرافية
مؤلفون آخرون: G.D.Arora
التنسيق: Printed Book
منشور في: Delhi: Ivy, 2010.
الموضوعات:
LEADER 00514cam a2200169ua 4500
008 110305t2010||||||||||| 00 ||||| c
082 |a 541.378  |b ARO/M 
245 0 0 |a Magnetochemistry and related topics /  
260 |a Delhi:  |b Ivy,  |c 2010. 
300 |a 78p.. 
362 1 |a 2010. 
650 |a Magnetochemistry 
650 0 |a Chemistry 
700 0 2 |a G.D.Arora,  
942 |c BK 
999 |c 25070  |d 25070 
952 |0 0  |1 0  |4 0  |6 541_378000000000000_ARO  |7 0  |9 26684  |a KUCL  |b KUCL  |d 2014-05-23  |l 0  |o 541.378 ARO/  |p 25581  |r 2014-05-23  |w 2014-05-23  |y BK